000 03757nam0a2200421 4500
001 RU\NLR\BIBL_A\016232299
005 20230214113409.0
010 _a978-5-9275-4173-7
_9300
021 _aRU
_bКН-П-22-080215
_9КН-П-22-7038
035 _a(NLR Aleph) 016232299
035 _a(RuMoRGB)011372047
090 _a12770909
_c12770909
100 _a20221208d2022 k y0rusy50 ca
101 0 _arus
_deng
102 _aRU
105 _aa z 100zy
181 0 _ai3
_baxxe
182 1 _an
200 1 _aНепрерывное языковое образование на современном этапе: традиции и инновации
_eсборник статей по материалам Всероссийской научно-практической конференции (с международным участием), 27-28 октября 2022 г., Таганрог
_fМинистерство науки и высшего образования Российской Федерации, Федеральное государственное автономное образовательное учреждение высшего образования "Южный федеральный университет"
203 _aТекст
_bвизуальный
_cнепосредственный
210 _aРостов-на-Дону
_aТаганрог
_cИзд-во Южного федерального университета
_d2022
215 _a138 с.
_cил., табл.
_d20
300 _aРез. англ.
320 _aБиблиогр. в конце ст.
330 _aСборник содержит статьи по материалам докладов и выступлений участников Всероссийской научно-практической конференции (с международным участием) "Непрерывное языковое образование на современном этапе: традиции и инновации", в которой приняли участие более 100 специалистов из различных вузов страны и мира. Книга адресована специалистам в области лингводидактики, методики обучения иностранным языкам и культурам, лингвистики, аспирантам, учителям и преподавателям иностранных языков и культур. Материалы публикуются в редакции авторов. Мнение авторов не всегда совпадает с мнением редакции сборника
606 1 _aИностранные языки
_jСъезды, совещания и т.п
_xПреподавание
_91409738
_3RU\NLR\AUTH\66282140
606 1 _aЯзыкознание
_jСъезды, совещания и т.п
_9911558
_3RU\NLR\AUTH\6613279
675 _a81:37(082)
_v4
686 1 _aЧ426.17я431
686 1 _aЧ486.17я431
686 1 _aШ1я431
711 1 2 _a"Непрерывное языковое образование на современном этапе: традиции и инновации", всероссийская научно-практическая конференция (с международным участием)
_eТаганрог
_f2022
_9825351
_3RU\NLR\AUTH\880579858
712 0 2 _4475
_aЮжный федеральный университет
_cРостов-на-Дону
_9683115
_3RU\NLR\AUTH\8810090930
942 _cBOOK
980 _aNB